[Event "Ste-Foy - Petrossian"]
[Site "Ste-Foy CAN"]
[Date "2019.04.06"]
[Round "2"]
[White "Fecteau, Martin"]
[Black "Roy, Benjamin"]
[Result "1-0"]
[WhiteElo "1919"]
[BlackElo "1596"]
[PlyCount "103"]
[EventDate "2019.03.30"]
[EventType "swiss"]
[EventRounds "5"]
[EventCountry "CAN"]

1. d4 g6 2. e4 Bg7 3. f4 d6 4. Nf3 Nd7 5. Bd3 e5 6. c3 Ngf6 7. O-O O-O 8. fxe5
dxe5 9. Nbd2 Ng4 10. Nc4 b5 11. Ne3 exd4 12. Nxg4 dxc3 13. bxc3 Nc5 14. Nge5 a6
15. Be3 Nxd3 16. Qxd3 Qxd3 17. Nxd3 Bxc3 18. Rac1 Ba5 19. Nc5 Bb6 20. Bf2 Re8
21. Rfe1 h6 22. Kf1 g5 23. h3 a5 24. Nd4 b4 25. Nf5 Kh7 26. Kg1 a4 27. Nd3 Ba5
28. Red1 Rxe4 29. Ng3 Re8 30. Nc5 Bb6 31. Nce4 Bxf2+ 32. Kxf2 Re7 33. Nf6+ Kg6
34. Nd5 Re5 35. Nxb4 c5 36. Nd3 Rd5 37. Nxc5 Be6 38. Nxe6 fxe6 39. Re1 Rf8+ 40.
Kg1 Rd6 41. Rc3 Rf4 42. Rce3 Kf7 43. Ne2 Rb4 44. Nc3 Rc6 45. Kh1 Rbc4 46. Rf3+
Ke7 47. Ree3 h5 48. Nd5+ Kd6 49. Nf6 g4 50. hxg4 hxg4 51. Rg3 Rc7 52. Ne8+ 1-0

[Event "Ste-Foy - Petrossian"]
[Site "Ste-Foy CAN"]
[Date "2019.04.06"]
[Round "2"]
[White "Laflamme, Simon"]
[Black "Sarra-Bournet, Marc"]
[Result "1-0"]
[WhiteElo "1981"]
[BlackElo "1859"]
[PlyCount "115"]
[EventDate "2019.03.30"]
[EventType "swiss"]
[EventRounds "5"]
[EventCountry "CAN"]

1. d4 d5 2. c4 e6 3. Nc3 Nf6 4. cxd5 exd5 5. Bg5 Nbd7 6. e3 Be7 7. Bd3 O-O 8.
Nf3 h6 9. Bf4 c6 10. h3 Re8 11. Qc2 Nf8 12. O-O Bd6 13. Ne5 Nh5 14. Bh2 g6 15.
Rab1 Qg5 16. Kh1 f5 17. Ne2 Qf6 18. f4 a6 19. g4 Ng7 20. Rg1 fxg4 21. hxg4 Bxe5
22. dxe5 Qh4 23. Bxg6 Nxg6 24. Qxg6 Qf2 25. Rbe1 Re6 26. Qd3 Re7 27. Ref1 Qh4
28. f5 Rxe5 29. Nf4 Re4 30. Ng6 Qf6 31. Rf3 Bd7 32. Nf4 Kh7 33. Ne2 Rae8 34.
Rh3 Kg8 35. Bf4 h5 36. Ng3 Rxf4 37. exf4 hxg4 38. Rh2 Nxf5 39. Nh5 Qd6 40.
Rxg4+ Kf8 41. Qc3 d4 42. Qd2 c5 43. Kg1 Ne3 44. Rg3 Bg4 45. Qd3 Bf5 46. Qb3 Be6
47. Qxb7 Nf5 48. Qh7 d3 49. Qh8+ Ke7 50. Qf6+ Kd7 51. Qc3 c4 52. Nf6+ Kc6 53.
Rxd3 Qc5+ 54. Kf1 Ng3+ 55. Rxg3 Rd8 56. Rd2 Rh8 57. Qf3+ Kb5 58. Rg5 1-0

[Event "Ste-Foy - Petrossian"]
[Site "Ste-Foy CAN"]
[Date "2019.04.06"]
[Round "2"]
[White "Michaud, Jacques"]
[Black "Sauve, Richard"]
[Result "0-1"]
[WhiteElo "1561"]
[BlackElo "1923"]
[PlyCount "78"]
[EventDate "2019.03.30"]
[EventType "swiss"]
[EventRounds "5"]
[EventCountry "CAN"]

1. g3 d5 2. Nf3 Nf6 3. d4 e6 4. Bg2 c5 5. O-O Nc6 6. a3 Bd7 7. dxc5 Bxc5 8. b4
Be7 9. Bb2 O-O 10. Nbd2 Rc8 11. Rc1 b5 12. Re1 a5 13. c3 Qb6 14. e4 Rfd8 15.
exd5 Nxd5 16. c4 Bf6 17. cxd5 Bxb2 18. dxc6 Bxc1 19. cxd7 Rxd7 20. Qe2 Bxd2 21.
Nxd2 Rc2 22. bxa5 Qxa5 23. Bh3 Rdxd2 24. Qe5 Qb6 25. Qe3 Qxe3 26. Rxe3 Rxf2 27.
Rb3 g6 28. Rxb5 Rxh2 29. Bf1 Rhd2 30. a4 Rc1 31. a5 Rdd1 32. a6 Rxf1+ 33. Kh2
Ra1 34. Rb6 Rf2+ 35. Kh3 Rfa2 36. Kg4 Rxa6 37. Rb8+ Kg7 38. Kg5 R6a4 39. g4 Rh1
0-1

[Event "Ste-Foy - Petrossian"]
[Site "Ste-Foy CAN"]
[Date "2019.04.06"]
[Round "2"]
[White "Poliquin, Yvon"]
[Black "Chouinard, Etienne"]
[Result "1-0"]
[WhiteElo "1895"]
[BlackElo "1884"]
[PlyCount "115"]
[EventDate "2019.03.30"]
[EventType "swiss"]
[EventRounds "5"]
[EventCountry "CAN"]

1. e4 e5 2. Nf3 Nc6 3. Nc3 Nf6 4. d4 exd4 5. Nxd4 Bb4 6. Nxc6 bxc6 7. Bd3 d6 8.
Qf3 Bxc3+ 9. bxc3 O-O 10. Bg5 h6 11. Bxf6 Qxf6 12. Qxf6 gxf6 13. Rb1 Be6 14. c4
Rab8 15. Kd2 Rb6 16. Rb3 c5 17. f4 Kh8 18. f5 Bd7 19. Be2 Bc6 20. Bf3 Re8 21.
Kd3 Kg7 22. Ra3 Rb7 23. Ra6 Bd7 24. g4 Re5 25. Kc3 Kf8 26. Rd1 Ke7 27. Rd3 c6
28. Kd2 Rb4 29. Kc3 Rb7 30. a3 Rc7 31. Kd2 Bc8 32. Ra5 a6 33. Bg2 Rd7 34. Rh3
d5 35. cxd5 cxd5 36. exd5 Bb7 37. c4 Bc8 38. Rxh6 Rb7 39. d6+ Kxd6 40. Bxb7
Bxb7 41. Rxf6+ Ke7 42. Rb6 Bf3 43. f6+ Kd7 44. Raxa6 Re2+ 45. Kd3 Rxh2 46. Ra7+
Kc8 47. Rxf7 Rh3 48. Kd2 Bxg4 49. Rc6+ Kd8 50. Rxc5 Rxa3 51. Rg5 Ke8 52. Re7+
Kf8 53. Rxg4 Rd3+ 54. Ke2 Rd2+ 55. Kf3 Rf2+ 56. Ke4 Re2+ 57. Kf5 Rf2+ 58. Rf4
1-0

[Event "Ste-Foy - Petrossian"]
[Site "Ste-Foy CAN"]
[Date "2019.04.13"]
[Round "3"]
[White "Chabot, Michelin"]
[Black "Michaud, Jacques"]
[Result "1-0"]
[WhiteElo "1543"]
[BlackElo "1561"]
[PlyCount "75"]
[EventDate "2019.03.30"]
[EventType "swiss"]
[EventRounds "5"]
[EventCountry "CAN"]

1. d4 Nf6 2. c4 c5 3. Nf3 cxd4 4. Nxd4 g6 5. Nc3 a6 6. e3 Bg7 7. Bd3 O-O 8. O-O
Nc6 9. a3 e5 10. Nxc6 dxc6 11. e4 Bg4 12. Qc2 Nd7 13. Be3 f5 14. f3 f4 15. Bf2
Be6 16. Rfd1 Qg5 17. Kh1 Rf7 18. Rd2 h5 19. Rg1 h4 20. h3 Nf6 21. Ne2 Nh5 22.
b4 Ng3+ 23. Nxg3 hxg3 24. Bb6 Qh5 25. Bf1 Bf6 26. Qd1 Qh8 27. Rd6 Re8 28. c5
Kg7 29. Rxe6 Rxe6 30. Bc4 Qe8 31. Qb3 Ree7 32. Bxf7 Rxf7 33. Rd1 Rd7 34. Rd6
Be7 35. Qe6 Rxd6 36. cxd6 Kf8 37. dxe7+ Qxe7 38. Bc5 1-0

[Event "Ste-Foy - Petrossian"]
[Site "Ste-Foy CAN"]
[Date "2019.04.13"]
[Round "3"]
[White "Fecteau, Martin"]
[Black "Poliquin, Yvon"]
[Result "1-0"]
[WhiteElo "1919"]
[BlackElo "1895"]
[PlyCount "49"]
[EventDate "2019.03.30"]
[EventType "swiss"]
[EventRounds "5"]
[EventCountry "CAN"]

1. c4 e6 2. d4 c5 3. d5 exd5 4. cxd5 d6 5. Nc3 Ne7 6. Nf3 Ng6 7. h4 Be7 8. h5
Ne5 9. Nxe5 dxe5 10. e4 a6 11. a4 b6 12. Qf3 Qd6 13. Qg3 h6 14. Qxg7 Bf6 15.
Qg3 Bd7 16. Be2 Ra7 17. f4 Rc7 18. O-O Rc8 19. fxe5 Bxe5 20. Bf4 Bxf4 21. Rxf4
Kd8 22. Qf2 Be8 23. e5 Qxe5 24. Re1 Qc7 25. Qh4+ 1-0

[Event "Ste-Foy - Petrossian"]
[Site "Ste-Foy CAN"]
[Date "2019.04.13"]
[Round "3"]
[White "Fleury, Dominic"]
[Black "Sarra-Bournet, Marc"]
[Result "0-1"]
[WhiteElo "1372"]
[BlackElo "1859"]
[PlyCount "64"]
[EventDate "2019.03.30"]
[EventType "swiss"]
[EventRounds "5"]
[EventCountry "CAN"]

1. e4 e5 2. Nf3 Nc6 3. d4 exd4 4. c3 Nf6 5. Bg5 Be7 6. Bd3 Nxe4 7. Bxe4 Bxg5 8.
O-O O-O 9. Nxd4 Nxd4 10. Qxd4 c6 11. Nd2 d5 12. Bc2 Qf6 13. Qd3 Qh6 14. Nf3 Bf6
15. Rfe1 Bg4 16. Re3 Rfe8 17. Rae1 Rxe3 18. Rxe3 Bxf3 19. Rxf3 Qc1+ 20. Bd1 Re8
21. Kf1 Bg5 22. Qc2 Bd2 23. Re3 Bxe3 24. fxe3 Qxe3 25. Qf2 Qd3+ 26. Be2 Qb1+
27. Qe1 Qxb2 28. Qd1 Re6 29. c4 Qxa2 30. Kf2 Qxe2+ 31. Qxe2 Rxe2+ 32. Kxe2 dxc4
0-1

[Event "Ste-Foy - Petrossian"]
[Site "Ste-Foy CAN"]
[Date "2019.04.13"]
[Round "3"]
[White "Kamara, Adama"]
[Black "Lapointe, Daniel"]
[Result "0-1"]
[WhiteElo "1705"]
[BlackElo "1556"]
[PlyCount "74"]
[EventDate "2019.03.30"]
[EventType "swiss"]
[EventRounds "5"]
[EventCountry "CAN"]

1. e4 e5 2. Nf3 Nc6 3. d4 d6 4. Bc4 Be7 5. d5 Nb8 6. Bb5+ Bd7 7. Bxd7+ Nxd7 8.
Be3 Ngf6 9. Nc3 a6 10. a4 c6 11. Qd3 Qc7 12. dxc6 bxc6 13. Rd1 O-O 14. O-O Rfd8
15. h3 Qb7 16. b3 Bf8 17. Qc4 Rac8 18. Qd3 d5 19. exd5 cxd5 20. Nxd5 e4 21.
Nxf6+ Nxf6 22. Qxd8 Rxd8 23. Rxd8 exf3 24. Bc5 Nd7 25. Be7 Qe4 26. Ba3 Qg6 27.
g3 Qf5 28. Kh2 Nc5 29. Rfd1 Ne6 30. Rxf8+ Nxf8 31. Rd8 h6 32. Rxf8+ Kh7 33. c3
Qc2 34. Bc5 Qxc3 35. Bb6 Qb4 36. Rb8 Qe1 37. g4 Qe5+ 0-1

[Event "Ste-Foy - Petrossian"]
[Site "Ste-Foy CAN"]
[Date "2019.04.13"]
[Round "3"]
[White "Roy, Benjamin"]
[Black "Turcotte, Roger"]
[Result "1-0"]
[WhiteElo "1596"]
[BlackElo "1484"]
[PlyCount "45"]
[EventDate "2019.03.30"]
[EventType "swiss"]
[EventRounds "5"]
[EventCountry "CAN"]

1. d4 d5 2. c4 e6 3. a3 c5 4. cxd5 Qxd5 5. Nf3 Nc6 6. Nc3 Qd8 7. Bg5 Be7 8. Be3
cxd4 9. Nxd4 Nf6 10. g3 Nd5 11. Nxc6 bxc6 12. Nxd5 cxd5 13. Bg2 Bf6 14. Rb1 O-O
15. O-O Bb7 16. Bc5 Be7 17. Rc1 Bxc5 18. Rxc5 Qb6 19. Qc2 Rac8 20. b4 Rc6 21.
Rc1 Rfc8 22. Qa4 Rxc5 23. Rxc5 1-0

[Event "Ste-Foy - Petrossian"]
[Site "Ste-Foy CAN"]
[Date "2019.04.13"]
[Round "3"]
[White "Sauve, Richard"]
[Black "Laflamme, Simon"]
[Result "1-0"]
[WhiteElo "1923"]
[BlackElo "1981"]
[PlyCount "65"]
[EventDate "2019.03.30"]
[EventType "swiss"]
[EventRounds "5"]
[EventCountry "CAN"]

1. d4 Nf6 2. c4 e6 3. Nc3 Bb4 4. Qc2 O-O 5. Bg5 d5 6. cxd5 exd5 7. Nf3 h6 8.
Bh4 Nbd7 9. e3 c5 10. Be2 Qa5 11. O-O b6 12. Nd2 Bxc3 13. bxc3 Bb7 14. a4 cxd4
15. cxd4 Rfc8 16. Qb2 Qc3 17. Qxc3 Rxc3 18. Rfc1 Rac8 19. Rxc3 Rxc3 20. Kf1 Ne4
21. Nxe4 dxe4 22. Ke1 f5 23. Kd2 Rc8 24. a5 g5 25. Bg3 Nf6 26. axb6 axb6 27.
Ra7 Ba8 28. Ba6 Re8 29. Be5 Nd5 30. Bc4 Bc6 31. Rc7 b5 32. Bb3 Ba8 33. Rd7 1-0

[Event "Ste-Foy - Petrossian"]
[Site "Ste-Foy CAN"]
[Date "2019.04.27"]
[Round "4"]
[White "Bolduc, Jacques"]
[Black "Chouinard, Etienne"]
[Result "1/2-1/2"]
[WhiteElo "1429"]
[BlackElo "1884"]
[PlyCount "61"]
[EventDate "2019.03.30"]
[EventType "swiss"]
[EventRounds "5"]
[EventCountry "CAN"]

1. d4 d5 2. c4 e6 3. Nf3 Nf6 4. Bf4 c6 5. e3 Nbd7 6. Bd3 dxc4 7. Bxc4 b5 8. Bd3
Bb7 9. Nc3 a6 10. O-O c5 11. dxc5 Nxc5 12. Be2 Qb6 13. Ne5 Rd8 14. Qe1 Be7 15.
Rd1 O-O 16. Bf3 Bxf3 17. Nxf3 Nd3 18. Qe2 Nxf4 19. exf4 Bc5 20. Ne5 Bd4 21. Ne4
Nxe4 22. Qxe4 Bxf2+ 23. Kh1 Qe3 24. Qc2 Bh4 25. Rxd8 Bxd8 26. Qc6 Be7 27. Qxa6
Qe2 28. Rb1 Qc2 29. Rf1 Qe2 30. Rb1 Qc2 31. Rf1 1/2-1/2

[Event "Ste-Foy - Petrossian"]
[Site "Ste-Foy CAN"]
[Date "2019.04.27"]
[Round "4"]
[White "Laflamme, Simon"]
[Black "Roy, Benjamin"]
[Result "1-0"]
[WhiteElo "1981"]
[BlackElo "1596"]
[PlyCount "55"]
[EventDate "2019.03.30"]
[EventType "swiss"]
[EventRounds "5"]
[EventCountry "CAN"]

1. d4 g6 2. c4 Bg7 3. e4 d6 4. Nc3 Nc6 5. Be3 e5 6. Nge2 Nge7 7. d5 Nb8 8. Qd2
f5 9. f3 Nd7 10. Nc1 Nc5 11. h4 Na6 12. Nd3 c6 13. Be2 cxd5 14. cxd5 Nxd5 15.
Nxd5 fxe4 16. Bg5 Qd7 17. fxe4 O-O 18. Bf3 b6 19. Ne7+ Kh8 20. Nxc8 Raxc8 21.
O-O Qa4 22. Rac1 Nc7 23. Be7 Rfe8 24. Bg4 Rxe7 25. Bxc8 Qe8 26. Bg4 d5 27. exd5
Nxd5 28. Rc8 1-0

[Event "Ste-Foy - Petrossian"]
[Site "Ste-Foy CAN"]
[Date "2019.04.27"]
[Round "4"]
[White "Lapointe, Daniel"]
[Black "Chabot, Michelin"]
[Result "1-0"]
[WhiteElo "1556"]
[BlackElo "1543"]
[PlyCount "67"]
[EventDate "2019.03.30"]
[EventType "swiss"]
[EventRounds "5"]
[EventCountry "CAN"]

1. d4 d5 2. c4 c6 3. e3 e6 4. Nf3 Bd6 5. Nc3 Nd7 6. cxd5 cxd5 7. Bd3 Ne7 8. O-O
O-O 9. Ng5 h6 10. Nf3 a6 11. a3 f5 12. Bd2 Nf6 13. Na4 Ne4 14. Be1 Bd7 15. Rc1
Rc8 16. Nc3 Qb6 17. Rc2 Rc7 18. Nd2 Rfc8 19. Ndb1 Nc6 20. f3 Nxc3 21. Nxc3 Na5
22. Bxf5 Nc4 23. Qe2 Re8 24. Bd3 Nxe3 25. Qxe3 Rxc3 26. bxc3 e5 27. Qd2 Bxa3
28. Kh1 e4 29. fxe4 dxe4 30. Bc4+ Kh8 31. Qe3 Qd8 32. Bg3 Bc6 33. Be5 b5 34.
Qxh6# 1-0

[Event "Ste-Foy - Petrossian"]
[Site "Ste-Foy CAN"]
[Date "2019.04.27"]
[Round "4"]
[White "Sarra-Bournet, Marc"]
[Black "Sauve, Richard"]
[Result "0-1"]
[WhiteElo "1859"]
[BlackElo "1923"]
[PlyCount "84"]
[EventDate "2019.03.30"]
[EventType "swiss"]
[EventRounds "5"]
[EventCountry "CAN"]

1. e4 e6 2. d4 d5 3. Nd2 Nf6 4. e5 Nfd7 5. f4 c5 6. c3 Nc6 7. Ndf3 Qb6 8. Ne2
Be7 9. Ng3 cxd4 10. cxd4 Bb4+ 11. Kf2 O-O 12. a3 Be7 13. b4 f6 14. Be3 Qd8 15.
Bd3 fxe5 16. dxe5 g5 17. f5 Ndxe5 18. Re1 Nxf3 19. gxf3 exf5 20. Bc5 f4 21. Nh5
Bxc5+ 22. bxc5 Bf5 23. Bxf5 Rxf5 24. Re6 Qf8 25. Rc1 Qf7 26. Rh6 Re8 27. Qd3
Re3 28. Qd1 Ne5 29. Qd4 Rxf3+ 30. Kg2 Rd3 31. Qb2 d4 32. c6 Qd5+ 33. Kg1 Nf3+
34. Kf2 Rd2+ 35. Qxd2 Nxd2 36. c7 Qf3+ 37. Kg1 Qe3+ 38. Kh1 Qe4+ 39. Kg1 Nf3+
40. Kf1 Nxh2+ 41. Kg1 Qe3+ 42. Kxh2 Qxc1 0-1

[Event "Ste-Foy - Petrossian"]
[Site "Ste-Foy CAN"]
[Date "2019.04.27"]
[Round "4"]
[White "Turcotte, Roger"]
[Black "Kamara, Adama"]
[Result "1/2-1/2"]
[WhiteElo "1484"]
[BlackElo "1705"]
[PlyCount "82"]
[EventDate "2019.03.30"]
[EventType "swiss"]
[EventRounds "5"]
[EventCountry "CAN"]

1. d4 Nf6 2. c4 e6 3. Nc3 Bb4 4. Bd2 b6 5. a3 Bxc3 6. Bxc3 Ne4 7. e3 Bb7 8. Qc2
d6 9. Be2 Nxc3 10. Bf3 Bxf3 11. Nxf3 Nd5 12. cxd5 exd5 13. Rc1 c6 14. O-O O-O
15. b4 Qd7 16. Rfe1 f5 17. h3 Rc8 18. Qd3 Qe6 19. Nd2 Nd7 20. f3 b5 21. Nb3 Nb6
22. Nd2 Nc4 23. Nxc4 bxc4 24. Qc3 Re8 25. Re2 Re7 26. Rce1 Rae8 27. Kh2 Qd7 28.
Kg1 Re6 29. Kf2 Qe7 30. g3 Rb8 31. Rb2 c5 32. b5 Qf6 33. a4 cxd4 34. Qxd4 Qxd4
35. exd4 Rxe1 36. Kxe1 Kf7 37. Re2 Re8 38. Rxe8 Kxe8 39. Kd2 Kd7 40. Kc3 Kc7
41. a5 g5 1/2-1/2

[Event "Ste-Foy - Petrossian"]
[Site "Ste-Foy CAN"]
[Date "2019.05.04"]
[Round "5"]
[White "Chabot, Michelin"]
[Black "Sarra-Bournet, Marc"]
[Result "1/2-1/2"]
[WhiteElo "1543"]
[BlackElo "1859"]
[PlyCount "143"]
[EventDate "2019.03.30"]
[EventType "swiss"]
[EventRounds "5"]
[EventCountry "CAN"]

1. d4 d5 2. c4 e6 3. Nf3 Nf6 4. Bg5 Be7 5. e3 h6 6. Bh4 O-O 7. Be2 Nbd7 8. O-O
Re8 9. Nc3 Nf8 10. c5 Ng6 11. Bg3 Nh5 12. b4 Nxg3 13. hxg3 c6 14. a4 Bf8 15.
Ne1 e5 16. Bg4 Bxg4 17. Qxg4 Qf6 18. Nc2 Re6 19. f4 exf4 20. gxf4 Rxe3 21. Nxd5
cxd5 22. Nxe3 Qxd4 23. Qf3 Re8 24. Rae1 Qxb4 25. Kh1 Qxa4 26. g3 Bxc5 27. Nxd5
Rxe1 28. Rxe1 Qd7 29. Kg2 a5 30. Rd1 Qb5 31. Qd3 Qc6 32. Qe4 Bb4 33. Kf3 Bf8
34. f5 Ne7 35. Nxe7+ Bxe7 36. Qxc6 bxc6 37. Rd7 Bb4 38. g4 Kf8 39. Rc7 c5 40.
Ke4 a4 41. Kd5 a3 42. Kc4 a2 43. Ra7 a1=Q 44. Rxa1 Ke7 45. Ra6 f6 46. Kd5 Kf7
47. Ra7+ Kg8 48. Rc7 Kh7 49. Ke6 h5 50. gxh5 Kh6 51. Rc8 Kxh5 52. Rh8+ Kg4 53.
Rg8 Bc3 54. Rxg7+ Kf4 55. Rf7 Bd4 56. Rxf6 Bxf6 57. Kxf6 c4 58. Kg6 c3 59. f6
c2 60. f7 c1=Q 61. f8=Q+ Kg4 62. Qf5+ Kg3 63. Qd3+ Kf2 64. Qf5+ Kg3 65. Qd3+
Kf2 66. Qd4+ Kf3 67. Qd5+ Kg3 68. Qe5+ Kg2 69. Qe4+ Kg3 70. Qe5+ Kg2 71. Qe2+
Kg3 72. Qe5+ 1/2-1/2

[Event "Ste-Foy - Petrossian"]
[Site "Ste-Foy CAN"]
[Date "2019.05.04"]
[Round "5"]
[White "Lapointe, Daniel"]
[Black "Laflamme, Simon"]
[Result "0-1"]
[WhiteElo "1556"]
[BlackElo "1981"]
[PlyCount "92"]
[EventDate "2019.03.30"]
[EventType "swiss"]
[EventRounds "5"]
[EventCountry "CAN"]

1. d4 Nf6 2. c4 g6 3. Nf3 Bg7 4. Nc3 O-O 5. e3 c5 6. Bd3 d5 7. dxc5 dxc4 8.
Bxc4 Qa5 9. O-O Qxc5 10. Bb3 Nc6 11. Qe2 Bg4 12. h3 Bh5 13. e4 Nd4 14. Qe3 Bxf3
15. gxf3 Rfd8 16. Kg2 Ne8 17. Nd5 e6 18. Nf4 Qg5+ 19. Kh2 Be5 20. Kh1 Bxf4 21.
Qxf4 Qxf4 22. Bxf4 Nxf3 23. Kg2 Nd2 24. Rfe1 Nxb3 25. axb3 Rd3 26. Ra3 a6 27.
Be5 Rc8 28. b4 Rd2 29. Bc3 Rd7 30. Rb3 Nc7 31. Re2 Nb5 32. Be5 Rc4 33. Bc3 Rd3
34. f3 Nxc3 35. bxc3 Rcxc3 36. Rxc3 Rxc3 37. Rb2 e5 38. Kg3 h5 39. h4 Kf8 40.
Kf2 Ke7 41. Rb1 Kd6 42. Rd1+ Kc6 43. Rd5 f6 44. Ke2 Rb3 45. Rc5+ Kd6 46. Rc4 b5
0-1

[Event "Ste-Foy - Petrossian"]
[Site "Ste-Foy CAN"]
[Date "2019.05.04"]
[Round "5"]
[White "Poliquin, Yvon"]
[Black "Bolduc, Jacques"]
[Result "1-0"]
[WhiteElo "1895"]
[BlackElo "1429"]
[PlyCount "85"]
[EventDate "2019.03.30"]
[EventType "swiss"]
[EventRounds "5"]
[EventCountry "CAN"]

1. e4 c5 2. Nf3 d6 3. d4 cxd4 4. Nxd4 Nf6 5. Nc3 a6 6. Bg5 e5 7. Nb3 Be6 8. Be2
Be7 9. Qd2 O-O 10. Rd1 Nbd7 11. f3 Qc7 12. g4 h6 13. Bxf6 Nxf6 14. h4 Nh7 15.
Bd3 f6 16. Qe3 b5 17. Rd2 Rae8 18. Rg2 Qd8 19. Rgh2 Rf7 20. Nd5 Bxd5 21. exd5
e4 22. fxe4 Bf8 23. Nd4 Qd7 24. Qf3 Re5 25. Re2 Re8 26. Ne6 Be7 27. e5 fxe5 28.
Bxh7+ Kxh7 29. Qe4+ Kg8 30. g5 h5 31. Qg6 Bf8 32. Qxh5 Rf5 33. Rf1 Rxf1+ 34.
Kxf1 Qf7+ 35. Qxf7+ Kxf7 36. Rf2+ Kg8 37. g6 Be7 38. Rf7 Bf6 39. h5 e4 40. h6
Bxb2 41. hxg7 a5 42. Rf8+ Rxf8+ 43. gxf8=Q# 1-0

[Event "Ste-Foy - Petrossian"]
[Site "Ste-Foy CAN"]
[Date "2019.05.04"]
[Round "5"]
[White "Sauve, Richard"]
[Black "Fecteau, Martin"]
[Result "0-1"]
[WhiteElo "1923"]
[BlackElo "1919"]
[PlyCount "170"]
[EventDate "2019.03.30"]
[EventType "swiss"]
[EventRounds "5"]
[EventCountry "CAN"]

1. d4 d5 2. c4 c6 3. e3 Nf6 4. Nc3 e6 5. Nf3 Bd6 6. Qc2 Nbd7 7. Be2 O-O 8. O-O
dxc4 9. Bxc4 b5 10. Bd3 Bb7 11. e4 e5 12. Bg5 b4 13. Na4 Rc8 14. Rfe1 h6 15.
Bh4 Qe7 16. Rad1 g5 17. Bg3 c5 18. d5 Nh5 19. b3 Nf4 20. Nb2 Nxd3 21. Qxd3 Nb6
22. Rc1 f6 23. Nd1 Rc7 24. Ne3 Bc8 25. h3 Bd7 26. Nd2 Rfc8 27. Qe2 Qf7 28. Qf3
h5 29. Red1 Rd8 30. Nf5 Bxf5 31. Qxf5 Kg7 32. Qf3 Qg6 33. Qe2 Qf7 34. Nf1 Nc8
35. f3 Ne7 36. Ne3 Qe8 37. Bf2 Qd7 38. Nc4 Ng6 39. Ne3 Nf4 40. Qd2 Kh7 41. Nf5
Qb5 42. Rc4 Qd7 43. Kh2 Ng6 44. Rdc1 Rdc8 45. Qc2 Bf8 46. Qd2 Ne7 47. Bxc5 Nxf5
48. Bxf8 Rxc4 49. bxc4 Rxf8 50. exf5 Qxf5 51. c5 e4 52. fxe4 Qe5+ 53. Kh1 g4
54. Qe2 gxh3 55. gxh3 Rg8 56. Qf3 Rg3 57. Qf5+ Qxf5 58. exf5 Rxh3+ 59. Kg2 Rc3
60. Rb1 Rxc5 61. Rxb4 Rxd5 62. Rb7+ Kh6 63. Rxa7 Rxf5 64. Rb7 Ra5 65. Rb2 Ra3
66. Kf2 h4 67. Kg2 Kg5 68. Kh2 Kg4 69. Rb4+ Kg5 70. Rb2 f5 71. Rg2+ Kf4 72.
Rf2+ Ke4 73. Re2+ Re3 74. Rb2 f4 75. a4 Ra3 76. Rb4+ Ke3 77. Kg1 Kf3 78. Rb1
Rxa4 79. Rb3+ Kg4 80. Rb8 Ra5 81. Rb4 Kg3 82. Kf1 f3 83. Ke1 h3 84. Rb8 f2+ 85.
Ke2 Re5+ 0-1

[Event "Ste-Foy - Polgar"]
[Site "Ste-Foy CAN"]
[Date "2019.05.11"]
[Round "1"]
[White "Sarra-Bournet, Marc"]
[Black "Fleury, Dominic"]
[Result "1-0"]
[WhiteElo "1798"]
[BlackElo "1419"]
[PlyCount "75"]
[EventDate "2019.05.11"]
[EventType "swiss"]
[EventRounds "5"]
[EventCountry "CAN"]

1. e4 e5 2. Nf3 Nf6 3. Nxe5 d6 4. Nf3 Nxe4 5. d4 d5 6. Bd3 Bd6 7. O-O O-O 8. c4
c6 9. Qc2 Bf5 10. Nc3 Re8 11. cxd5 cxd5 12. Nxd5 Bxh2+ 13. Nxh2 Qxd5 14. Be3
Nc6 15. Nf3 Rad8 16. Bc4 Nb4 17. Qb3 Qd7 18. Qxb4 Bh3 19. gxh3 Qxh3 20. Nh2 Rd6
21. Kh1 Rh6 22. Bxh6 Qxh6 23. Qxb7 Qf4 24. Qxf7+ Qxf7 25. Bxf7+ Kxf7 26. Kg2
Rd8 27. Rfd1 Nd6 28. Rac1 Nb5 29. d5 Rd6 30. a4 Rg6+ 31. Kf3 Nd6 32. Rc7+ Kf6
33. Ng4+ Kf5 34. Ne3+ Ke5 35. Re7+ Kf6 36. Rxa7 Kg5 37. Rg1+ Kf6 38. Rxg6+ 1-0

[Event "Ste-Foy - Polgar"]
[Site "Ste-Foy CAN"]
[Date "2019.05.18"]
[Round "2"]
[White "Michaud, Jacques"]
[Black "Sarra-Bournet, Marc"]
[Result "0-1"]
[WhiteElo "1549"]
[BlackElo "1798"]
[PlyCount "126"]
[EventDate "2019.05.11"]
[EventType "swiss"]
[EventRounds "5"]
[EventCountry "CAN"]

1. g3 e5 2. d4 e4 3. Bg2 d5 4. c4 Bb4+ 5. Nc3 c6 6. Nh3 Qa5 7. Bd2 Nf6 8. a3
Bxc3 9. Bxc3 Qa6 10. c5 O-O 11. e3 Bg4 12. Qd2 Nbd7 13. Nf4 b6 14. h3 Bf3 15.
Bxf3 exf3 16. Qd3 Qb7 17. Qd1 Ne4 18. cxb6 Nxc3 19. bxc3 Qxb6 20. Qxf3 Nf6 21.
O-O Ne4 22. Rfc1 Qb2 23. Nd3 Qd2 24. Ne5 Nxc3 25. Kg2 Rac8 26. Qf5 g6 27. Qd3
Qxd3 28. Nxd3 Ne4 29. Ne5 Nd2 30. Rxc6 Nc4 31. Rxc8 Rxc8 32. Nd7 Kg7 33. Nc5
Rb8 34. Nd3 Rb3 35. Nb4 Nxa3 36. Nxd5 a5 37. Kf3 Nc4 38. Ra4 Nd2+ 39. Kf4 Rb5
40. e4 f5 41. Nc3 Rb3 42. Ra2 Nc4 43. Rc2 Nb2 44. Nd5 Nd3+ 45. Kg5 h6+ 46. Kh4
fxe4 47. Rc7+ Kf8 48. Rc8+ Kf7 49. Rc7+ Ke6 50. Nf4+ Nxf4 51. gxf4 Kd6 52. Rf7
Ke6 53. Ra7 Rb5 54. Ra6+ Kf5 55. Kg3 Rd5 56. Kg2 Kxf4 57. Rxg6 Rg5+ 58. Rxg5
hxg5 59. Kf1 a4 60. d5 a3 61. d6 a2 62. d7 a1=Q+ 63. Ke2 Qa6+ 0-1

[Event "Ste-Foy - Polgar"]
[Site "Ste-Foy CAN"]
[Date "2019.05.25"]
[Round "3"]
[White "Gaudreau, Eric"]
[Black "Sarra-Bournet, Marc"]
[Result "0-1"]
[WhiteElo "1642"]
[BlackElo "1798"]
[PlyCount "88"]
[EventDate "2019.05.11"]
[EventType "swiss"]
[EventRounds "5"]
[EventCountry "CAN"]

1. d4 d5 2. c4 e6 3. Nc3 Nf6 4. cxd5 exd5 5. Bg5 Nbd7 6. e3 Be7 7. Bd3 O-O 8.
Qc2 c6 9. Nge2 h6 10. Bh4 Ng4 11. Bxe7 Qxe7 12. O-O Qh4 13. h3 Ngf6 14. Ng3 Nb6
15. Nf5 Bxf5 16. Bxf5 Nc4 17. Qe2 Nd6 18. g3 Qg5 19. Bd3 Nfe4 20. Bxe4 dxe4 21.
Qg4 Qe7 22. f4 exf3 23. Rxf3 Rae8 24. d5 Qe5 25. dxc6 bxc6 26. Rd1 Re6 27. Qf4
Qh5 28. g4 Qg6 29. Kh2 Rf6 30. Qg3 Rxf3 31. Qxf3 Nc4 32. Rd4 Qe6 33. Qe2 Nxe3
34. Re4 Qd6+ 35. Kh1 Nd5 36. Nxd5 Qxd5 37. Kh2 Qxa2 38. Rc4 Rb8 39. Rc2 Qd5 40.
Rd2 Qe6 41. Qa6 Qe5+ 42. Kg2 Qe4+ 43. Kf1 Qh1+ 44. Ke2 Re8+ 0-1

[Event "Ste-Foy - Polgar"]
[Site "Ste-Foy CAN"]
[Date "2019.05.25"]
[Round "3"]
[White "Michaud, Jacques"]
[Black "Darveau, Michel"]
[Result "1-0"]
[WhiteElo "1549"]
[BlackElo "1416"]
[PlyCount "73"]
[EventDate "2019.05.11"]
[EventType "swiss"]
[EventRounds "5"]
[EventCountry "CAN"]

1. g3 d5 2. Nf3 Nc6 3. Bg2 e5 4. d4 e4 5. Ng5 Qf6 6. c3 Bd6 7. Nh3 h6 8. O-O
Nge7 9. f3 e3 10. Bxe3 Nf5 11. Bf2 O-O 12. e4 dxe4 13. fxe4 Nfe7 14. e5 Bxe5
15. dxe5 Nxe5 16. Bd4 Qd6 17. Bxe5 Qxe5 18. Qe1 Qc5+ 19. Qf2 Qb5 20. Nf4 Bf5
21. Na3 Qa6 22. Rad1 Rae8 23. Rfe1 Be6 24. Nxe6 fxe6 25. Qe2 Qb6+ 26. Kh1 Nf5
27. Nc4 Qc5 28. Ne5 Qa5 29. Ng6 Rf6 30. Nf4 Qxa2 31. Bd5 Qa5 32. Nxe6 Kh8 33.
Qh5 Rexe6 34. Rxe6 Qa4 35. Re8+ Kh7 36. Bg8+ Kh8 37. Bb3+ 1-0

[Event "Ste-Foy - Polgar"]
[Site "Ste-Foy CAN"]
[Date "2019.06.01"]
[Round "4"]
[White "Gaudreau, Eric"]
[Black "Michaud, Jacques"]
[Result "1/2-1/2"]
[WhiteElo "1642"]
[BlackElo "1549"]
[PlyCount "44"]
[EventDate "2019.05.11"]
[EventType "swiss"]
[EventRounds "5"]
[EventCountry "CAN"]

1. b3 Nf6 2. Bb2 g6 3. Bxf6 exf6 4. c4 Bg7 5. Nc3 O-O 6. g3 f5 7. Rc1 c5 8. Nh3
Nc6 9. Bg2 d6 10. Nf4 Be6 11. O-O Rb8 12. d3 Re8 13. Qd2 Qd7 14. e3 Qe7 15.
Rfe1 Qg5 16. h4 Qe7 17. Nfd5 Bxd5 18. Nxd5 Qd8 19. f4 Ne7 20. Nc3 Nc6 21. Nd5
Ne7 22. Nc3 Nc6 1/2-1/2